[Event "GER-ch38 V07 email"]
[Site "GER email"]
[Date "2007.01.27"]
[Round "?"]
[White "Reichgeld, Manfred"]
[Black "Jenull, Marco S"]
[Result "1-0"]
[WhiteElo "2075"]
[BlackElo "2007"]
[PlyCount "73"]
[EventDate "2007.??.??"]
[EventType "tourn (corr)"]
[EventRounds "8"]
[EventCountry "GER"]
[SourceTitle "Corr 2008"]
[Source "ChessBase"]
[SourceDate "2008.06.24"]
[SourceVersion "1"]
[SourceVersionDate "2008.06.24"]
[SourceQuality "1"]

1. d4 Nf6 2. Bg5 Ne4 3. Bf4 c5 4. f3 Qa5+ 5. c3 Nf6 6. Nd2 cxd4 7. Nb3 Qb6 8. Qxd4 Nc6 9. Qxb6 axb6 10. Be3 b5 11. Nd4 Nxd4 12. Bxd4 d6 13. e4 Bd7 14. Bd3 e5 15. Bf2 Be7 16. Ne2 0-0 17. 0-0 d5 18. exd5 Nxd5 19. Rfe1 Bc6 20. a3 Rfe8 21. Bc2 b6 22. Rad1 Bc5 23. Ng3 Rad8 24. Re2 Bxf2+ 25. Kxf2 Kf8 26. Be4 Rd7 27. Nf1 g6 28. Bxd5 Rxd5 29. Rxd5 Bxd5 30. Ne3 Bc4 31. Rd2 Re6 32. Nxc4 bxc4 33. Rd8+ Ke7 34. Rc8 Kd7 35. Rxc4 f5 36. Ra4 h5 37. Ra7+ 1-0

[Event "GER KF-35 Class1 B3 email"]
[Site "GER email"]
[Date "2007.??.??"]
[Round "?"]
[White "Jendrian, Michael"]
[Black "Jenull, Marco S"]
[Result "1-0"]
[WhiteElo "2059"]
[BlackElo "1949"]
[PlyCount "75"]
[EventDate "2007.??.??"]
[EventType "tourn (corr)"]
[EventRounds "6"]
[EventCountry "GER"]
[SourceTitle "Corr 2008"]
[Source "ChessBase"]
[SourceDate "2008.06.24"]
[SourceVersion "1"]
[SourceVersionDate "2008.06.24"]
[SourceQuality "1"]

1. f4 c5 2. Nf3 d6 3. e4 Nc6 4. Nc3 g6 5. Bc4 Bg7 6. 0-0 Nf6 7. d3 0-0 8. f5 gxf5 9. Qe1 Be6 10. exf5 Bxf5 11. Qh4 d5 12. Bb3 Bg6 13. Bg5 b5 14. Rad1 c4 15. dxc4 Qb6+ 16. c5 Qxc5+ 17. Kh1 Rad8 18. Rde1 d4 19. Ne2 a6 20. Nf4 Na5 21. Re5 Qc7 22. Rfe1 Rd7 23. Nxg6 hxg6 24. R5e2 Nxb3 25. axb3 Nd5 26. Nxd4 e5 27. Nf3 f6 28. Bc1 Ne7 29. Qg4 Rd6 30. b4 Rfd8 31. Be3 f5 32. Qh4 Bf6 33. Bg5 Bxg5 34. Nxg5 Nc6 35. g4 Qb7 36. gxf5 Nd4+ 37. Rg2 Nxf5 38. Qe4 1-0

[Event "GER KF-35 Class1 B3 email"]
[Site "GER email"]
[Date "2007.??.??"]
[Round "?"]
[White "Jenull, Marco S"]
[Black "Brylski, Nils"]
[Result "1-0"]
[WhiteElo "1949"]
[BlackElo "1608"]
[PlyCount "27"]
[EventDate "2007.??.??"]
[EventType "tourn (corr)"]
[EventRounds "6"]
[EventCountry "GER"]
[SourceTitle "Corr 2008"]
[Source "ChessBase"]
[SourceDate "2008.06.24"]
[SourceVersion "1"]
[SourceVersionDate "2008.06.24"]
[SourceQuality "1"]

1. e4 e5 2. Nf3 Nc6 3. Bb5 d6 4. d4 exd4 5. Nxd4 Bd7 6. Nc3 f6 7. Bc4 Nge7 8. Ne6 Qc8 9. Nxc7+ Qxc7 10. Nb5 Qa5+ 11. Bd2 Qb6 12. Be3 Qa5+ 13. b4 Nc8 14. bxa5 1-0

[Event "GER HS-014 email"]
[Site "GER email"]
[Date "2006.09.26"]
[Round "?"]
[White "Jenull, Marco S"]
[Black "Schatz, Hans Dieter"]
[Result "1-0"]
[WhiteElo "1949"]
[BlackElo "1924"]
[PlyCount "103"]
[EventDate "2006.??.??"]
[EventType "tourn (corr)"]
[EventRounds "6"]
[EventCountry "GER"]
[SourceTitle "Corr 2008"]
[Source "ChessBase"]
[SourceDate "2008.06.24"]
[SourceVersion "1"]
[SourceVersionDate "2008.06.24"]
[SourceQuality "1"]

1. e4 e6 2. d4 d5 3. Nd2 Nf6 4. e5 Nfd7 5. Bd3 c5 6. c3 Nc6 7. Ngf3 Qb6 8. 0-0 g6 9. dxc5 Nxc5 10. Nb3 Nxd3 11. Qxd3 Bg7 12. Bf4 Bd7 13. Rfe1 Rc8 14. Qd2 h6 15. h4 Na5 16. Nxa5 Qxa5 17. Nh2 Qd8 18. g3 Bc6 19. Ng4 g5 20. hxg5 hxg5 21. Bxg5 d4 22. f3 Qd5 23. Rf1 Bb5 24. Rf2 dxc3 25. bxc3 Qxd2 26. Rxd2 Rh5 27. Nf6+ Bxf6 28. Bxf6 Bc6 29. Rad1 Bd5 30. Rxd5 exd5 31. Rxd5 Rf5 32. Kg2 b6 33. a4 Rxf6 34. exf6 Rxc3 35. g4 Rc4 36. a5 bxa5 37. Re5+ Kf8 38. g5 Kg8 39. Kg3 a4 40. f4 Rc1 41. Kg4 a3 42. Ra5 Ra1 43. Rxa7 a2 44. Kf5 Re1 45. Ra8+ Kh7 46. Rxa2 Rg1 47. g6+ fxg6+ 48. Ke6 Re1+ 49. Kf7 Rh1 50. Ke7 Re1+ 51. Kf8 Rh1 52. f7 1-0

[Event "GER HS-014 email"]
[Site "GER email"]
[Date "2006.09.26"]
[Round "?"]
[White "Schlosser, Ronny"]
[Black "Jenull, Marco S"]
[Result "0-1"]
[WhiteElo "1845"]
[BlackElo "1949"]
[PlyCount "64"]
[EventDate "2006.??.??"]
[EventType "tourn (corr)"]
[EventRounds "6"]
[EventCountry "GER"]
[SourceTitle "Corr 2008"]
[Source "ChessBase"]
[SourceDate "2008.06.24"]
[SourceVersion "1"]
[SourceVersionDate "2008.06.24"]
[SourceQuality "1"]

1. d4 d5 2. c4 e6 3. Nc3 c6 4. Nf3 Nf6 5. e3 Nbd7 6. Bd3 dxc4 7. Bxc4 b5 8. Bd3 a6 9. e4 c5 10. e5 cxd4 11. Nxb5 Nxe5 12. Nxe5 axb5 13. Bxb5+ Bd7 14. Nxd7 Qa5+ 15. Bd2 Qxb5 16. Nxf6+ gxf6 17. Qf3 Rc8 18. Qxf6 Rc5 19. Qxd4 Re5+ 20. Kd1 Bg7 21. Qb4 Qe2+ 22. Kc2 Rb5 23. Rae1 Qh5 24. Qd6 Qf5+ 25. Kd1 Rd5 26. Qb8+ Rd8 27. Qc7 0-0 28. Qc2 Rxd2+ 29. Qxd2 Rc8 30. Re3 Qb1+ 31. Ke2 Qxh1 32. Rg3 Qb1 0-1

[Event "Berlin op 07"]
[Site "Berlin"]
[Date "2005.07.05"]
[Round "4"]
[White "Jenull, Marco S"]
[Black "Sechting, Martin"]
[Result "1-0"]
[WhiteElo "2179"]
[BlackElo "2075"]
[PlyCount "109"]
[EventDate "2005.07.02"]
[EventType "swiss"]
[EventRounds "9"]
[EventCountry "GER"]
[SourceTitle "EXT 2007"]
[Source "ChessBase"]
[SourceDate "2006.11.23"]
[SourceVersion "1"]
[SourceVersionDate "2006.11.23"]
[SourceQuality "1"]

1. e4 c5 2. Nf3 a6 3. c3 e6 4. d4 d5 5. e5 Nc6 6. Be2 Qb6 7. 0-0 cxd4 8. cxd4 Nh6 9. Bxh6 Qxb2 10. Be3 Qxa1 11. Qb3 Na5 12. Qa4+ Nc6 13. Qb3 Na5 14. Qc2 Bd7 15. Nbd2 Qxf1+ 16. Bxf1 Rc8 17. Qb2 b5 18. Nb3 Nc4 19. Bxc4 dxc4 20. Nc5 Bxc5 21. dxc5 0-0 22. h4 Bc6 23. Nd4 Rfd8 24. Kh2 Rd5 25. Ne2 a5 26. Nc3 b4 27. Nxd5 Bxd5 28. Bd4 h6 29. Qc2 Rb8 30. Qa4 b3 31. axb3 cxb3 32. Bb2 Rb4 33. Qxa5 Rxh4+ 34. Kg3 Rc4 35. Ba3 h5 36. f3 Kh7 37. Qd2 Rc2 38. Qd3+ g6 39. Qb5 g5 40. Kh3 g4+ 41. fxg4 hxg4+ 42. Kxg4 Rxg2+ 43. Kf4 Rf2+ 44. Kg5 Rf5+ 45. Kg4 Rxe5 46. Qe8 Re4+ 47. Kg5 Re5+ 48. Kf6 Rf5+ 49. Ke7 Rf2 50. c6 b2 51. Bxb2 Bxc6 52. Qh8+ Kg6 53. Qg7+ Kh5 54. Bf6 Rf5 55. Qxf7+ 1-0

[Event "Berlin op 07"]
[Site "Berlin"]
[Date "2005.07.04"]
[Round "3"]
[White "Berger, Steve"]
[Black "Jenull, Marco S"]
[Result "1-0"]
[WhiteElo "2378"]
[BlackElo "2179"]
[PlyCount "77"]
[EventDate "2005.07.02"]
[EventType "swiss"]
[EventRounds "9"]
[EventCountry "GER"]
[SourceTitle "EXT 2007"]
[Source "ChessBase"]
[SourceDate "2006.11.23"]
[SourceVersion "1"]
[SourceVersionDate "2006.11.23"]
[SourceQuality "1"]

1. e4 e5 2. Nf3 Nc6 3. Bc4 Nf6 4. d3 Be7 5. 0-0 0-0 6. Bb3 d5 7. Qe2 Bg4 8. c3 Re8 9. h3 Bh5 10. Rd1 Bg6 11. Bg5 Nh5 12. Bxe7 Rxe7 13. g3 Nf6 14. Nbd2 Na5 15. Bc2 c5 16. Nh4 Nc6 17. Nf1 d4 18. c4 Ne8 19. f4 exf4 20. gxf4 Rxe4 21. dxe4 Qxh4 22. Qg4 Qxg4+ 23. hxg4 f6 24. Ng3 Nd6 25. a3 Nxc4 26. Bb3 Bf7 27. Bxc4 Bxc4 28. Kf2 Bb3 29. Rh1 c4 30. Nf1 Rc8 31. Rc1 Na5 32. Rh5 b6 33. Rd5 d3 34. Rxd3 Re8 35. Rd4 Nb7 36. Nd2 Nc5 37. Ke3 b5 38. Rd5 Rc8 39. Rxc5 1-0

[Event "Berlin op 03"]
[Site "Berlin"]
[Date "2005.04.01"]
[Round "8"]
[White "Jenull, Marco S"]
[Black "Hildebrand, Gerald"]
[Result "1-0"]
[WhiteElo "2177"]
[BlackElo "2022"]
[PlyCount "57"]
[EventDate "2005.03.25"]
[EventType "swiss"]
[EventRounds "9"]
[EventCountry "GER"]
[SourceTitle "EXT 2007"]
[Source "ChessBase"]
[SourceDate "2006.11.23"]
[SourceVersion "1"]
[SourceVersionDate "2006.11.23"]
[SourceQuality "1"]

1. e4 c5 2. Nf3 d6 3. d4 cxd4 4. Nxd4 Nf6 5. Nc3 a6 6. Bg5 Nbd7 7. f4 Qb6 8. Nb3 Qe3+ 9. Qe2 Qxe2+ 10. Bxe2 b5 11. Bf3 Bb7 12. Na5 b4 13. Nd5 Bxd5 14. exd5 Nc5 15. 0-0-0 Nfe4 16. Bxe4 Nxe4 17. Rd4 f5 18. Rxb4 h6 19. Bh4 g5 20. fxg5 hxg5 21. Be1 Rc8 22. Rc4 Rb8 23. a4 Bg7 24. b3 Be5 25. g4 Nf6 26. Nc6 Ra8 27. Nxe5 dxe5 28. gxf5 Kf7 29. Bg3 1-0

[Event "Berlin op 03"]
[Site "Berlin"]
[Date "2005.03.28"]
[Round "4"]
[White "Zschaebitz, Klaus"]
[Black "Jenull, Marco S"]
[Result "0-1"]
[WhiteElo "2091"]
[BlackElo "2177"]
[PlyCount "80"]
[EventDate "2005.03.25"]
[EventType "swiss"]
[EventRounds "9"]
[EventCountry "GER"]
[SourceTitle "EXT 2007"]
[Source "ChessBase"]
[SourceDate "2006.11.23"]
[SourceVersion "1"]
[SourceVersionDate "2006.11.23"]
[SourceQuality "1"]

1. d4 d5 2. Nf3 Nf6 3. Bf4 c5 4. e3 Qb6 5. b3 Nc6 6. Be2 g6 7. 0-0 Bg7 8. c4 dxc4 9. Bxc4 0-0 10. Nc3 cxd4 11. exd4 Bg4 12. d5 Rad8 13. Na4 Qa5 14. Bd2 Qc7 15. Nc3 Ne5 16. Bf4 Nxf3+ 17. Qxf3 Qxc4 18. bxc4 Bxf3 19. gxf3 Nh5 20. Bd2 Rc8 21. Rac1 Rxc4 22. Nb5 Ra4 23. Rc2 a6 24. Na7 Nf6 25. Rb1 b5 26. d6 exd6 27. Bb4 Nd5 28. Bxd6 Re8 29. Rb3 h5 30. Kf1 Rc4 31. Rd2 Nc3 32. Bb4 Na4 33. Rd6 Bf8 34. Rxa6 Bxb4 35. Nxb5 Nc5 36. Nd6 Rc1+ 37. Kg2 Rb8 38. Rxb4 Nxa6 39. Rf4 f5 40. Ra4 Rc6 0-1

[Event "Berlin Kreuzberg op 5th"]
[Site "Berlin"]
[Date "2004.07.01"]
[Round "6"]
[White "Lueders, Gerhard"]
[Black "Jenull, Marco S"]
[Result "0-1"]
[WhiteElo "2271"]
[BlackElo "2124"]
[PlyCount "102"]
[EventDate "2004.06.26"]
[EventType "swiss"]
[EventRounds "9"]
[EventCountry "GER"]
[SourceTitle "EXT 2022"]
[Source "ChessBase"]
[SourceDate "2021.10.06"]
[SourceVersion "1"]
[SourceVersionDate "2021.10.06"]
[SourceQuality "1"]

1. Nf3 d5 2. g3 c6 3. Bg2 Bg4 4. b3 Nd7 5. Bb2 Ngf6 6. d3 e6 7. Nbd2 Bd6 8. h3 Bxf3 9. Bxf3 0-0 10. Bg2 Re8 11. a4 Be5 12. c3 Bd6 13. 0-0 e5 14. Qc2 Rc8 15. e4 Qc7 16. Rfe1 a5 17. Nf1 dxe4 18. dxe4 Nc5 19. Ne3 Ne6 20. Nc4 Bc5 21. Red1 Rcd8 22. Ba3 Bxa3 23. Nxa3 Nd7 24. Nc4 Ndc5 25. h4 f6 26. Bh3 Nf8 27. Bg4 Rxd1+ 28. Rxd1 Rd8 29. Rxd8 Qxd8 30. Be2 Nfe6 31. Ne3 g6 32. b4 axb4 33. cxb4 Nd4 34. Qc4+ Nce6 35. Bg4 Qd6 36. b5 cxb5 37. axb5 Kg7 38. Qc8 Nc5 39. h5 Nxb5 40. h6+ Kxh6 41. Qg8 Nd4 42. Bh5 gxh5 43. g4 Nxe4 44. Qf7 Ng5 45. Qxb7 Ngf3+ 46. Kg2 hxg4 47. Nxg4+ Kg6 48. Qa8 Qe6 49. Ne3 Ng5 50. Kf1 Qh3+ 51. Ke1 Ngf3+ 0-1

[Event "Berlin Kreuzberg op 5th"]
[Site "Berlin"]
[Date "2004.06.28"]
[Round "3"]
[White "Jenull, Marco S"]
[Black "Bornschein, Burkhard"]
[Result "1-0"]
[WhiteElo "2124"]
[BlackElo "1992"]
[PlyCount "79"]
[EventDate "2004.06.26"]
[EventType "swiss"]
[EventRounds "9"]
[EventCountry "GER"]
[SourceTitle "EXT 2022"]
[Source "ChessBase"]
[SourceDate "2021.10.06"]
[SourceVersion "1"]
[SourceVersionDate "2021.10.06"]
[SourceQuality "1"]

1. e4 c5 2. d4 cxd4 3. c3 Nf6 4. e5 Nd5 5. cxd4 e6 6. Nf3 Nc6 7. Nc3 Nxc3 8. bxc3 d6 9. Bd3 Qa5 10. 0-0 dxe5 11. dxe5 Bd7 12. Rb1 Qc7 13. Qe2 Be7 14. Re1 Rc8 15. Ng5 Bxg5 16. Bxg5 Na5 17. Bd2 b6 18. Rb4 Bc6 19. Rg4 Kf8 20. Rg3 Bd5 21. Qh5 Nc4 22. Bxc4 Bxc4 23. Rxg7 Bd3 24. Rg3 Bg6 25. Qh6+ Ke8 26. h4 Kd7 27. h5 Bc2 28. Qf4 Rcf8 29. Rg7 Kc8 30. c4 Rhg8 31. h6 Bg6 32. Bb4 Rd8 33. Rc1 Qc6 34. Bd6 Rge8 35. a4 Rd7 36. a5 Kb7 37. axb6 Qxb6 38. Qf3+ Ka6 39. Qc6 Rxd6 40. exd6 1-0

[Event "CFriend AR-2003-Q-00007 email"]
[Site "Chessfriend.com"]
[Date "2003.12.03"]
[Round "1"]
[White "Cardelli, Gabriele"]
[Black "Jenull, Marco S"]
[Result "1-0"]
[WhiteElo "2293"]
[BlackElo "1905"]
[PlyCount "47"]
[EventDate "2003.??.??"]
[EventType "tourn (corr)"]
[EventRounds "12"]
[SourceTitle "Corr 2008"]
[Source "ChessBase"]
[SourceDate "2008.06.24"]
[SourceVersion "1"]
[SourceVersionDate "2008.06.24"]
[SourceQuality "1"]

1. e4 e6 2. d4 d5 3. e5 c5 4. c3 Nc6 5. Nf3 Qb6 6. a3 Nh6 7. b4 cxd4 8. Bxh6 gxh6 9. cxd4 Rg8 10. Nc3 Rg4 11. h3 Rf4 12. Bb5 Bd7 13. Ne2 Rxf3 14. Bxc6 Bxc6 15. gxf3 a5 16. 0-0 Qa6 17. bxa5 Qxa5 18. Qd3 Bb5 19. Qe3 Bc4 20. Kh2 Qa6 21. Rfe1 Kd7 22. Ng3 Qa4 23. Rec1 Be7 24. Nh5 1-0

[Event "CFriend AR-2003-Q-00007 email"]
[Site "Chessfriend.com"]
[Date "2003.12.03"]
[Round "1"]
[White "Jenull, Marco S"]
[Black "Dobrei, Gheorge Marcel"]
[Result "0-1"]
[WhiteElo "1905"]
[BlackElo "2204"]
[PlyCount "58"]
[EventDate "2003.??.??"]
[EventType "tourn (corr)"]
[EventRounds "12"]
[SourceTitle "Corr 2008"]
[Source "ChessBase"]
[SourceDate "2008.06.24"]
[SourceVersion "1"]
[SourceVersionDate "2008.06.24"]
[SourceQuality "1"]

1. e4 e5 2. Nf3 Nc6 3. Bc4 Bc5 4. b4 Bxb4 5. c3 Be7 6. d4 Na5 7. Be2 exd4 8. Qxd4 Nf6 9. e5 Nc6 10. Qh4 Nd5 11. Qg3 g6 12. 0-0 Nb6 13. c4 d6 14. c5 dxc5 15. Rd1 Nd4 16. Nxd4 cxd4 17. Bh6 Be6 18. Nd2 Qd7 19. Ne4 0-0-0 20. Bg7 Rhg8 21. Nf6 Bxf6 22. Bxf6 Rde8 23. a4 Nxa4 24. Ra3 c5 25. h4 h5 26. Qf4 Bd5 27. Qc1 Bc6 28. Qc2 Re6 29. Bf1 Kb8 0-1

[Event "CFriend AR-2003-Q-00007 email"]
[Site "Chessfriend.com"]
[Date "2003.12.03"]
[Round "1"]
[White "Kniest, Oliver"]
[Black "Jenull, Marco S"]
[Result "1/2-1/2"]
[WhiteElo "2196"]
[BlackElo "1905"]
[PlyCount "53"]
[EventDate "2003.??.??"]
[EventType "tourn (corr)"]
[EventRounds "12"]
[SourceTitle "Corr 2008"]
[Source "ChessBase"]
[SourceDate "2008.06.24"]
[SourceVersion "1"]
[SourceVersionDate "2008.06.24"]
[SourceQuality "1"]

1. d4 d5 2. c4 e6 3. Nf3 c6 4. Bg5 Nf6 5. Nbd2 Be7 6. e3 0-0 7. Bd3 Nbd7 8. Rc1 b6 9. 0-0 Bb7 10. cxd5 cxd5 11. Qa4 a6 12. Ne5 b5 13. Qc2 h6 14. Bxf6 Bxf6 15. Nxd7 Qxd7 16. Nb3 Be7 17. Qc7 Rfd8 18. Qxd7 Rxd7 19. Nc5 Bxc5 20. Rxc5 Rc8 21. Rxc8+ Bxc8 22. Rc1 Bb7 23. Kf1 Kf8 24. Ke2 Ke7 25. Kd2 Kd6 26. h4 Rc7 27. Rxc7 1/2-1/2

[Event "CFriend AC-2003-Q-00014 email"]
[Site "Chessfriend.com"]
[Date "2003.10.20"]
[Round "?"]
[White "Balabaev, Farit Gasisovich"]
[Black "Jenull, Marco S"]
[Result "1-0"]
[WhiteElo "2360"]
[BlackElo "2030"]
[PlyCount "43"]
[EventDate "2003.10.20"]
[EventType "tourn (corr)"]
[EventRounds "10"]
[SourceTitle "Corr 2008"]
[Source "ChessBase"]
[SourceDate "2008.06.24"]
[SourceVersion "1"]
[SourceVersionDate "2008.06.24"]
[SourceQuality "1"]

1. e4 e6 2. d4 d5 3. Nc3 Bb4 4. e5 c5 5. a3 Bxc3+ 6. bxc3 Ne7 7. Qg4 Qc7 8. Qxg7 Rg8 9. Qxh7 cxd4 10. Ne2 Nbc6 11. f4 Bd7 12. Qd3 dxc3 13. Nxc3 a6 14. Rb1 Na5 15. h4 Nf5 16. Rh3 0-0-0 17. h5 Nc4 18. Rb4 b5 19. Ne2 Qc5 20. Rb3 a5 21. h6 Rg6 22. h7 1-0

[Event "CFriend AC-2003-Q-00014 email"]
[Site "Chessfriend.com"]
[Date "2003.10.20"]
[Round "?"]
[White "Jenull, Marco S"]
[Black "Stephan, Ulrich"]
[Result "0-1"]
[WhiteElo "2030"]
[BlackElo "2559"]
[PlyCount "40"]
[EventDate "2003.10.20"]
[EventType "tourn (corr)"]
[EventRounds "10"]
[SourceTitle "Corr 2008"]
[Source "ChessBase"]
[SourceDate "2008.06.24"]
[SourceVersion "1"]
[SourceVersionDate "2008.06.24"]
[SourceQuality "1"]

1. e4 e5 2. Nf3 Nc6 3. d4 exd4 4. Nxd4 Bc5 5. Be3 Qf6 6. c3 Nge7 7. Bc4 Ne5 8. Be2 Qg6 9. 0-0 d6 10. f3 0-0 11. Kh1 f5 12. Nd2 fxe4 13. Qb3+ Kh8 14. Nxe4 Bb6 15. Rae1 Bd7 16. Bg1 Qh6 17. Qd1 Nd5 18. Qc1 Qxc1 19. Rxc1 Nf4 20. Rfd1 c5 0-1

[Event "CFriend AC-2003-Q-00014 email"]
[Site "Chessfriend.com"]
[Date "2003.10.20"]
[Round "?"]
[White "Jenull, Marco S"]
[Black "Wolczek, Stanislaus"]
[Result "0-1"]
[WhiteElo "2030"]
[BlackElo "2169"]
[PlyCount "58"]
[EventDate "2003.10.20"]
[EventType "tourn (corr)"]
[EventRounds "10"]
[SourceTitle "Corr 2008"]
[Source "ChessBase"]
[SourceDate "2008.06.24"]
[SourceVersion "1"]
[SourceVersionDate "2008.06.24"]
[SourceQuality "1"]

1. e4 c5 2. Nf3 Nc6 3. Nc3 e6 4. d4 cxd4 5. Nxd4 Qc7 6. Be2 a6 7. 0-0 Nf6 8. Be3 Be7 9. f4 d6 10. Kh1 0-0 11. Bf3 Bd7 12. g4 Nxd4 13. Bxd4 Bc6 14. g5 Nd7 15. Bg2 b5 16. a3 f5 17. Qh5 Rf7 18. Rad1 Nf8 19. Qe2 fxe4 20. Bxe4 Ng6 21. Qg2 Rc8 22. f5 Rxf5 23. Rxf5 exf5 24. Bd5+ Kh8 25. Rf1 Nh4 26. Qd2 Bd8 27. Be3 Qb7 28. Rf2 Ba5 29. b4 Re8 0-1

[Event "CFriend AC-2003-Q-00014 email"]
[Site "Chessfriend.com"]
[Date "2003.10.20"]
[Round "?"]
[White "Rada, Hannes"]
[Black "Jenull, Marco S"]
[Result "1-0"]
[WhiteElo "2372"]
[BlackElo "1921"]
[PlyCount "41"]
[EventDate "2003.10.20"]
[EventType "tourn (corr)"]
[EventRounds "10"]
[SourceTitle "Corr 2008"]
[Source "ChessBase"]
[SourceDate "2008.06.24"]
[SourceVersion "1"]
[SourceVersionDate "2008.06.24"]
[SourceQuality "1"]

1. e4 c5 2. Nf3 d6 3. d4 cxd4 4. Nxd4 Nf6 5. Nc3 g6 6. Be3 Bg7 7. f3 0-0 8. Qd2 Nc6 9. 0-0-0 d5 10. exd5 Nxd5 11. Nxc6 bxc6 12. Bd4 e5 13. Bc5 Be6 14. Ne4 Re8 15. h4 h5 16. g4 Nf4 17. Qe1 Qc7 18. g5 a5 19. Kb1 a4 20. Rh2 Bd5 21. Bd6 1-0

[Event "IECG CP.2002.Q.00021 email"]
[Site "IECG email"]
[Date "2003.10.01"]
[Round "?"]
[White "Bartsch, Christian"]
[Black "Jenull, Marco S"]
[Result "1-0"]
[WhiteElo "1818"]
[BlackElo "1986"]
[PlyCount "37"]
[EventDate "2003.10.01"]
[EventType "tourn (corr)"]
[EventRounds "10"]
[SourceTitle "Corr 2008"]
[Source "ChessBase"]
[SourceDate "2008.06.24"]
[SourceVersion "1"]
[SourceVersionDate "2008.06.24"]
[SourceQuality "1"]

1. e4 d6 2. d4 Nf6 3. Nc3 g6 4. Bg5 Bg7 5. Nf3 0-0 6. Qd2 c6 7. Bh6 b5 8. Bxg7 Kxg7 9. Bd3 Bg4 10. e5 Nfd7 11. Ng5 dxe5 12. h3 Be6 13. Nxe6+ fxe6 14. Be4 exd4 15. Qxd4+ e5 16. Qe3 Qb6 17. 0-0 Qxe3 18. fxe3 Nf6 19. Nxb5 1-0

[Event "IECG CP.2002.Q.00021 email"]
[Site "IECG email"]
[Date "2003.10.01"]
[Round "?"]
[White "Jenull, Marco S"]
[Black "Turicnik, Vladimir"]
[Result "0-1"]
[WhiteElo "1986"]
[BlackElo "1972"]
[PlyCount "68"]
[EventDate "2003.10.01"]
[EventType "tourn (corr)"]
[EventRounds "10"]
[SourceTitle "Corr 2008"]
[Source "ChessBase"]
[SourceDate "2008.06.24"]
[SourceVersion "1"]
[SourceVersionDate "2008.06.24"]
[SourceQuality "1"]

1. e4 c5 2. Nf3 Nc6 3. Nc3 Nf6 4. e5 Ng4 5. Qe2 Qc7 6. Nd5 Qb8 7. d4 cxd4 8. Bf4 e6 9. h3 Nb4 10. Nxb4 Bxb4+ 11. Nd2 Nf6 12. 0-0-0 Nd5 13. Bg3 Qc7 14. Qc4 Qxc4 15. Bxc4 Ne7 16. Nf3 Nf5 17. Nxd4 Nxg3 18. fxg3 Ke7 19. c3 Bc5 20. Rhf1 d5 21. exd6+ Bxd6 22. g4 Bc5 23. Rfe1 Bxd4 24. Rxd4 Bd7 25. Bd5 Bc6 26. Bxc6 bxc6 27. Kc2 Rhd8 28. Ra4 a6 29. c4 h6 30. b4 Rd4 31. c5 f6 32. Rd1 Rxd1 33. Kxd1 e5 34. Ke2 Ke6 0-1